Statistics for NFL Players you didn't know played for the Seahawks

Click here to take the quiz!

General Stats

  • This quiz has been taken 25 times
  • The average score is 6 of 11

Answer Stats

Pos.Known ForPlayer% Correct
WRSFFJerry Rice
86%
RBMINAdrian Peterson
82%
RBPITFranco Harris
68%
WRSFF, DAL, and PHITerrell Owens
68%
WRCHI and NYJBrandon Marshall
64%
QBHOUWarren Moon
55%
RBINDEdgerrin James
50%
DTMINJohn Randle
41%
WRCHIDevin Hester
32%
OLDINDDwight Freeney
27%
LBBALMike Curtis
5%

Score Distribution

Percentile by Number Answered

Percent of People with Each Score

Your Score History

You have not taken this quiz